| 000 -CABECERA | |
|---|---|
| Campo de control de longitud fija | 01747nam a22003137a 4500 |
| 003 - IDENTIFICADOR DEL NÚMERO DE CONTROL | |
| Campo de control | OSt |
| 005 - FECHA Y HORA DE LA ÚLTIMA TRANSACCIÓN | |
| Campo de control | 20260327151021.0 |
| 008 - CÓDIGOS DE INFORMACIÓN DE LONGITUD FIJA | |
| Campo de control de longitud fija | 260327t2023 xxu||||| |||| 00| 0 eng d |
| 020 ## - NÚMERO INTERNACIONAL NORMALIZADO PARA LIBROS (ISBN) | |
| Número Internacional Normalizado para Libros (ISBN) | 978331215650 |
| Información adicional | 9783031215643 |
| 040 ## - FUENTE DE LA CATALOGACIÓN | |
| Centro catalogador de origen | Unicoc |
| Lengua de catalogación | spa |
| Centro que cataloga | Bogotá (Dr. David Ordóñez Rueda) - Campus Norte |
| Centro modificador | Bogotá (Dr. David Ordóñez Rueda) - Campus Norte |
| 082 ## - NÚMERO DE LA CLASIFICACIÓN DECIMAL DEWEY | |
| Número de clasificación | 617.692 |
| 100 ## - PUNTO DE ACCESO PRINCIPAL - NOMBRE DE PERSONA | |
| 9 (RLIN) | 12842 |
| Nombre de persona | Gulati, Karan |
| 245 ## - MENCIÓN DE TÍTULO | |
| Título | Surface modification of titanium dental implants |
| Mención de responsabilidad etc. | /Karan Gulati |
| 250 ## - MENCIÓN DE EDICIÓN | |
| Mención de edición | 1 Ed. |
| 260 ## - PUBLICATION, DISTRIBUTION, ETC. (IMPRINT) | |
| Lugar de publicación distribución etc. | Suiza : |
| Nombre del editor distribuidor etc. | Springer , |
| Fecha de publicación distribución etc. | 2023. |
| 300 ## - DESCRIPCIÓN FÍSICA | |
| Extensión | 287 páginas |
| Otras características físicas | Diagramas, tablas, gráficas |
| 500 ## - NOTA GENERAL | |
| Nota general | Incluye Referencias bibliográficas e Índice |
| 505 ## - NOTA DE CONTENIDO CON FORMATO | |
| Título | Titanium: the ideal dental implant material choice. -- |
| -- | Titanium dental implants in compromised conditions: need for enhanced bioactivity and therapy. -- |
| -- | Macro to micro: surface modification of titanium dental implants. -- |
| -- | Nano-scale surface modification of dental implants: fabrication. -- |
| -- | From micro to nano: surface modification for enhanced bioactivity of titanium dental implants. -- |
| -- | Local therapy from nano-engineered titanium dental implants. -- |
| -- | Mechanical stability of anodized nano-engineered titanium dental implants. -- |
| -- | Cytotoxicity, corrosion and electrochemical stability of titanium dental implants. -- |
| 526 ## - NOTA DE INFORMACIÓN SOBRE EL PROGRAMA DE ESTUDIO | |
| Institución que aplica el campo | Unicoc |
| 546 ## - NOTA DE LENGUA | |
| Nota de lengua | Español |
| 650 #0 - PUNTO DE ACCESO ADICIONAL DE MATERIA - TÉRMINO DE MATERIA | |
| 9 (RLIN) | 61 |
| Término de materia o nombre geográfico como elemento inicial | Biomateriales |
| 650 #0 - PUNTO DE ACCESO ADICIONAL DE MATERIA - TÉRMINO DE MATERIA | |
| 9 (RLIN) | 60 |
| Término de materia o nombre geográfico como elemento inicial | Materiales dentales |
| 650 #0 - PUNTO DE ACCESO ADICIONAL DE MATERIA - TÉRMINO DE MATERIA | |
| 9 (RLIN) | 12843 |
| Término de materia o nombre geográfico como elemento inicial | Nanoingeniería |
| 650 #0 - PUNTO DE ACCESO ADICIONAL DE MATERIA - TÉRMINO DE MATERIA | |
| 9 (RLIN) | 12844 |
| Término de materia o nombre geográfico como elemento inicial | Titanio |
| Subdivisión de materia general | Odontología |
| 658 #0 - TÉRMINO DE INDIZACIÓN - OBJETIVO CURRICULAR | |
| 9 (RLIN) | 8073 |
| Programa Académico | Especialización en Prostodoncia |
| 658 #0 - TÉRMINO DE INDIZACIÓN - OBJETIVO CURRICULAR | |
| 9 (RLIN) | 8315 |
| Programa Académico | Programa de Odontología |
| 856 ## - LOCALIZACIÓN Y ACCESO ELECTRÓNICOS | |
| Texto del enlace | Acceso online exclusivo para comunidad Unicoc. |
| Identificador Uniforme del Recurso (URI) | https://unicoceduco-my.sharepoint.com/:b:/g/personal/direccionbiblioteca_unicoc_edu_co/IQCak-zbfkJQQYzoMomnwNnsAc3xQQ4gV3XRpzY6RO92kyw |
| 942 ## - ENTRADA PARA ELEMENTOS AGREGADOS (KOHA) | |
| Fuente de clasificación o esquema de ordenación en estanterías | |
| Koha [por defecto] tipo de item | Libro electrónico |
| Fuente de adquisición | Fecha de adquisición | Tipo de item de Koha | Estado de pérdida | No para préstamo | Localización permanente | Fecha del precio de reemplazo | Fuente de clasificación o esquema de ordenación en estanterías | Precio | Código de colección | Código de barras | Localización actual | Fecha última consulta | Signatura completa | Estropeado |
|---|---|---|---|---|---|---|---|---|---|---|---|---|---|---|
| Compra | 2026-03-27 | Libro electrónico | Bogotá (Dr. David Ordóñez Rueda) - Campus Norte | 2026-03-27 | 200000.00 | Coleccion Online | Ebook10802 | Bogotá (Dr. David Ordóñez Rueda) - Campus Norte | 2026-03-27 | 617.692 |
© 2014 UNICOC | Institución Universitaria Colegios de Colombia - UNICOC
Bogotá D.C. Autopista Norte Km. 20. Teléfono:(571)6683535
Cali: Calle 13 Norte No. 3N-13. Teléfono: (572)6608887